Агата Мистери (Запись № 10248830)
[ простой вид ]
| 000 -МАРКЕР | |
|---|---|
| контрольное поле | 01310nam0a2200337 4500 |
| 001 - ИДЕНТИФИКАТОР ЗАПИСИ | |
| контрольное поле | RU\NLR\BIBL_A\010205338 |
| 005 - ИДЕНТИФИКАТОР ВЕРСИИ | |
| контрольное поле | 201411240503 |
| 010 ## - МЕЖДУНАРОДНЫЙ СТАНДАРТНЫЙ НОМЕР КНИГИ (ISBN) | |
| Номер (ISBN) | 978-5-389-06676-2 |
| Тираж | 5000 |
| 021 ## - НОМЕР ГОСУДАРСТВЕННОЙ РЕГИСТРАЦИИ | |
| Код страны | Российская Федерация |
| Номер | КН-П-18-022656 |
| Номер Листа государственной регистраци | КН-П-18-1647 |
| 035 ## - ДРУГИЕ СИСТЕМНЫЕ НОМЕРА | |
| Идентификатор записи | (NLR Aleph) 010205338 |
| 035 ## - ДРУГИЕ СИСТЕМНЫЕ НОМЕРА | |
| Идентификатор записи | (NILC)RuMoRGB-006729178 |
| 100 ## - ДАННЫЕ ОБЩЕЙ ОБРАБОТКИ | |
| Данные общей обработки | 20140311d2014 d y0rusy50 ca |
| 101 1# - ЯЗЫК РЕСУРСА | |
| Язык текста, звукозаписи и т.д. | русский |
| Язык оригинала | итальянский |
| 102 ## - СТРАНА ПУБЛИКАЦИИ ИЛИ ПРОИЗВОДСТВА | |
| Страна публикации | Российская Федерация |
| 105 ## - ПОЛЕ КОДИРОВАННЫХ ДАННЫХ: ТЕКСТОВЫЕ МАТЕРИАЛЫ, МОНОГРАФИЧЕСКИЕ | |
| Кодированные данные о монографическом текстовом документе | a|||z||||00ay |
| 200 1# - ЗАГЛАВИЕ И СВЕДЕНИЯ ОБ ОТВЕТСТВЕННОСТИ | |
| Основное заглавие | Агата Мистери |
| Наименование части | Бенгальская жемчужина |
| Сведения, относящиеся к заглавию | [роман |
| -- | для детей среднего школьного возраста] |
| Первые сведения об ответственности | Стив Стивенсон |
| Последующие сведения об ответственности | [пер. с итал. Екатерины Даровской] |
| -- | ил. Стефано Туркони |
| 210 ## - ПУБЛИКАЦИЯ, РАСПРОСТРАНЕНИЕ И ДР. | |
| Место издания, распространения и т.д. | Санкт-Петербург |
| Имя издателя, распространителя и т. д. | Азбука |
| -- | Азбука-Аттикус |
| Дата издания, распространения и т.д. | 2014 |
| 215 ## - ФИЗИЧЕСКАЯ ХАРАКТЕРИСТИКА | |
| Специфическое обозначение материала и объем | 123, [3] с . |
| Другие сведения о физической характеристике | ил. |
| Размеры | 22 |
| 225 1# - СЕРИЯ | |
| Основное заглавие серии | Серия "Девочка-детектив" |
| 686 0# - ИНДЕКСЫ ДРУГИХ КЛАССИФИКАЦИЙ | |
| Индекс | Ш9(4Ит)62-4 |
| 700 #1 - ИМЯ ЛИЦА - ПЕРВИЧНАЯ ОТВЕТСТВЕННОСТЬ | |
| Начальный элемент ввода | Стивенсон |
| Часть имени, кроме начального элемента ввода | С. |
| Расширение инициалов личного имени | Стив |
| 702 #1 - ИМЯ ЛИЦА - ВТОРИЧНАЯ ОТВЕТСТВЕННОСТЬ | |
| Начальный элемент ввода | Туркони |
| Часть имени, кроме начального элемента ввода | С. |
| Расширение инициалов личного имени | Стефано |
| Код отношения | Иллюстратор |
| 801 #0 - ИСТОЧНИК ЗАПИСИ | |
| Страна | Российская Федерация |
| Организация | РГБ |
| Дата составления | 20140129 |
| Правила каталогизации | RCR |
| 942 ## - ДОПОЛНИТЕЛЬНЫЕ ЭЛЕМЕНТЫ ЗАПИСИ (АБИС) | |
| Тип экземпляра АБИС | Книга |
| 980 ## - КОЛЛЕКЦИЯ | |
| Название коллекции | НБР |
| 980 ## - КОЛЛЕКЦИЯ | |
| Название коллекции | Национальная библиография |
| Тип экземпляра | Дата поступления | Источник поступления | Библиотека постоянного хранения | Библиотека текущего хранения | Место хранения | Шифр хранения | Штрих-код | Статус экземпляра | Стоимость | Нумерация / хронология для периодики |
|---|---|---|---|---|---|---|---|---|---|---|
| Книга | 11.03.2014 | Обязательный экземпляр | РНБ (Московский) | РНБ (Московский) | Русский книжный фонд: издания с 1957 года | 2014-5/1858 | 1-271888 | |||
| Книга | 11.03.2014 | Обязательный экземпляр | РНБ (Московский) | РНБ (Московский) | Обменный фонд | 1-271889 | 90.00 | |||
| Книга | 31.07.2015 | Обязательный экземпляр | РНБ (Московский) | РНБ (Московский) | Обменный фонд | 1-1058548 | 80.00 | 2015 | ||
| Книга | 23.05.2016 | Обязательный экземпляр | РНБ (Московский) | РНБ (Московский) | Обменный фонд | 1-1319708 | 80.00 | 2016 | ||
| Книга | 23.05.2016 | Обязательный экземпляр | РНБ (Московский) | РНБ (Московский) | Обменный фонд | 1-1319709 | 65.00 | |||
| Книга | 17.02.2017 | Обязательный экземпляр | РНБ (Московский) | РНБ (Московский) | Обменный фонд | 1-1725378 | 90.00 | 2017 | ||
| Книга | 17.02.2017 | Обязательный экземпляр | РНБ (Московский) | РНБ (Московский) | Обменный фонд | 1-1725379 | 90.00 | 2017 | ||
| Книга | 27.04.2018 | Обязательный экземпляр | РНБ (Московский) | РНБ (Московский) | Обменный фонд | 1-2276703 | 70.00 | 2018 | ||
| Книга | 27.04.2018 | Обязательный экземпляр | РНБ (Московский) | РНБ (Московский) | Обменный фонд | 1-2276704 | 85.00 | 2018 | ||
| Книга | 31.07.2015 | Обязательный экземпляр | РНБ (Садовая) | РНБ (Садовая) | Фонд Абонемента (Садовая) | Аб Ш9/С-80 | 1-1058547 | Доставлен в Фoнд | 100.00 |